| 000 | 00738cam a2200181 4500 | ||
|---|---|---|---|
| 082 | 0 | 0 |
_a693.5 _bHUR |
| 100 | 1 |
_aHurd, M. K. _945369 |
|
| 245 | 1 | 0 |
_aFormwork for concrete, _cby M. K. Hurd. Prepared with the assistance of R. C. Baldwin, under the direction of ACI Committee 622, Formwork for Concrete (now redesignated Committee 347) |
| 250 | _a[3d ed.] | ||
| 260 |
_aDetroit, _bAmerican Concrete Institute _c[1973] |
||
| 300 |
_axi, 363 p. _billus. _c29 cm. |
||
| 490 | 0 | _aAmerican Concrete Institute. Special publication no. 4 | |
| 526 |
_a0 _b0 _c0 _d693_500000000000000_HUR |
||
| 650 | 0 |
_aConcrete construction _xFormwork. _945142 |
|
| 650 | 0 |
_aMCE _9379 |
|
| 710 | 2 |
_aACI Committee 347--Formwork for Concrete. _945370 |
|
| 942 |
_2ddc _cBK |
||
| 999 |
_c549965 _d549965 |
||